zpět

Detail výsledku týmu

Restaurace Queen, Olomouc

Datum a čas kvízu

28.5 Celkem bodů Celkový počet nahraných bodů na tomto kvízu bez doplňovacích otázek.
8. Pořadí na kvízu Konečné umístění týmu na tomto kvízu.

Zaznamenané odpovědi

# Otázka Odpověď Body Výsledky
1. Prezident Petr Pavel při návšt... v Chile 1
2. Ministr obrany Spojených států... Pulp Fiction 1
3. Taylor Momsen, zpěvačka kapely... pavouk 0
4. Britský výrobce nejluxusnějšíc... Nightingale (slavík) 0
5. Marie-Louise Eta si minulý týd... B 1
6. Vítězné téma FB hlasování zahá... Luděk Marold, bitva u Lipan 0.5
7. Přiřaďte jednotlivá města k je... 1B 2D 3A 4C 1
8. „Co až budeme nahoře, to teprv... Homolka a tobolka; Marie Motlová 0.5
9. Panorama je služba webové strá... na Pradědu 1
10. Na závěr si dáme noční pohled... Istanbul 0